Video Game Consoles with Longest Lives - Statistics

General Stats
  • This quiz has been taken 444 times
    170 since last reset
  • The average score is 13 of 21
Answer Stats
Lifespan Released Discontinued Console % Correct
7 years 2013 2020 PlayStation 4
92%
6 years 2000 2006 PlayStation 2
91%
7 years 2006 2013 PlayStation 3
90%
12 years 1989 2001 Gameboy
88%
7 years 2004 2011 DS
86%
6 years 1994 2000 PlayStation
86%
8 years 2005 2013 XBox 360
86%
6 years 2006 2012 Wii
82%
6 years 2017 2023 Switch
79%
6 years 1990 1996 SNES
78%
7 years 2013 2020 XBox One
78%
8 years 2011 2019 3DS
76%
7 years 1983 1990 NES
75%
7 years 2004 2011 PlayStation Portable
63%
6 years 1988 1994 Genesis
59%
8 years 2011 2019 PlayStation Vita
49%
14 years 1990 2004 Neo Geo
19%
11 years 1979 1990 Intellivision
18%
6 years 1989 1995 Lynx
18%
7 years 1987 1994 TurboGrafx-16
16%
7 years 1991 1998 CD-i
11%
No matching quizzes found
Score Distribution
Percent of People with Each Score
Percentile by Number Answered
Your Score History
You have not taken this quiz since the last reset